000 00667nam a2200181Ia 4500
008 090630s9999 xx 000 0 und d
082 _b1829
100 _aचौधरी बनवरीलाल.
245 _aपपईची लागवड व्यापार.
_cचौधरी बनवरीलाल.
260 _bउद्यम.
_c1968
300 _a64
600 _aचौधरी बनवरीलाल.
630 _aपपईची लागवड व्यापार.
655 _aइतर.
700 _aचौधरी बनवरीलाल.
730 _aपपईची लागवड व्यापार.
942 _cBOOK
999 _c253685
_d253685